N° 1 au TOP 50 - Statistiques

Statistiques générales
  • Ce quiz a été pris 164 fois
  • Le résultat moyen est 124 sur 1056
Statistiques - réponses
Date Artiste % Correct
11/02/1989 Charles Aznavour et divers chanteurs
100%
13/10/2001 | 25/01/1992 | 30/09/1995 Michael Jackson
58%
30/03/1986 Gold
57%
22/02/1992 George Michael & Elton John
56%
06/05/2006 Shakira feat. Wyclef Jean
56%
03/12/1994 | 13/09/1997 | 26/05/1990 Elton John
55%
03/11/2001 Garou & Céline Dion
53%
01/07/1995 | 16/09/1995 Scatman John
52%
01/09/2016 | 06/05/1995 | 07/02/1998 | +4 others Céline Dion
51%
08/12/2017 | 14/12/2002 | 15/11/2008 | +7 others Johnny Hallyday
50%
03/11/2013 Eminem feat. Rihanna
49%
27/10/2007 | 30/09/2012 | 31/07/2011 Rihanna
49%
24/03/2013 Maître Gims
47%
27/10/2013 Vitaa feat. Maître Gims
47%
12/07/1987 | 12/11/2005 | 25/01/1997 | 31/12/2005 Madonna
43%
30/09/2006 Moby & Mylène Farmer
43%
02/12/2012 | 03/12/1988 | 05/12/2010 | +16 others Mylène Farmer
43%
12/09/1998 Daniel Lavoie & Patrick Fiori & Garou
42%
13/01/2001 Garou
41%
07/05/1988 | 08/11/1997 | 19/04/2003 | 25/10/1997 Florent Pagny
40%
07/12/1991 | 15/02/1992 Patrick Bruel
40%
08/09/2017 Calvin Harris feat. Pharrell Williams & Katy Perry & Big Sean
38%
07/01/1989 | 10/07/1999 David Hallyday
38%
02/02/1986 Daniel Balavoine
37%
08/05/2011 Snoop Dogg vs David Guetta
36%
12/05/2007 | 28/04/2007 Beyoncé & Shakira
35%
27/11/2004 Garou & Michel Sardou
35%
11/12/2011 | 29/01/2012 | 30/03/2002 Shakira
35%
On
34%
07/06/2003 Pascal Obispo
33%
07/03/2010 | 08/09/2013 | 21/03/2010 | +3 others Stromae
33%
18/11/2000 Daft Punk
32%
06/01/2017 | 29/09/2016 The Weeknd feat. Daft Punk
32%
20/01/2013 Will.i.am & Britney Spears
32%
13/12/2008 | 24/04/1999 Britney Spears
31%
06/07/1986 | 21/04/1985 | 31/03/1985 Jeanne Mas
31%
08/06/2014 Black M
30%
16/07/1988 Début de soirée
30%
10/04/2020 Florent Pagny & Pascal Obispo & Marc Lavoine
30%
20/07/1986 Images
29%
01/03/2009 | 06/03/2020 | 12/04/2019 | +3 others Lady Gaga
28%
15/05/2020 Ariana Grande & Justin Bieber
27%
28/02/2020 BTS feat. Sia
27%
15/04/2006 Diam's
27%
11/08/2016 DJ Snake feat. Justin Bieber
27%
17/05/2019 Ed Sheeran & Justin Bieber
27%
16/02/2018 | 16/06/2017 | 20/07/2002 | +3 others Indochine
27%
04/05/2018 | 16/03/2018 Maître Gims & Vianney
27%
04/11/1984 | 06/01/1985 Peter et Sloane
27%
28/01/2016 Renaud
27%
02/11/2014 | 06/07/2014 Sia
27%
13/03/2020 | 20/12/2019 | 22/05/2020 The Weeknd
27%
08/03/2015 Louane
26%
27/03/2011 | 31/01/2004 The Black Eyed Peas
26%
12/02/1994 Alain Souchon
25%
19/06/2020 Kendji Girac
25%
12/04/2008 Ch'ti DJ
24%
10/11/2017 | 13/01/2017 | 22/12/2017 | 24/11/2017 Ed Sheeran
24%
11/06/1994 | 12/03/1994 | 21/05/1994 IAM
24%
01/12/2013 | 15/12/2013 Pharrell Williams
24%
09/06/2013 | 14/07/2013 Robin Thicke feat. T.I & Pharrell Williams
24%
06/07/2018 | 25/05/2018 | 27/07/2018 Naestro feat. Maître Gims & Vitaa & Dadju & Slimane
23%
02/08/1987 Vanessa Paradis
23%
30/12/2000 Alizée
22%
24/05/2019 | 26/04/2019 | 28/06/2019 Angèle
22%
08/01/2021 | 25/12/2020 Dua Lipa feat. Angèle
22%
14/06/2003 | 31/05/2003 Lorie
22%
03/01/1998 Andrea Bocelli & Hélène Ségara
21%
Boys (Summertime Love)
21%
13/10/2016 | 24/11/2016 Bruno Mars
21%
14/03/2010 Cœur de pirate & Julien Doré
21%
19/02/2000 | 29/01/2000 Hélène Ségara
21%
20/10/2016 Julien Doré
21%
21/12/2014 Mark Ronson feat. Bruno Mars
21%
20/06/1992 Nirvana
21%
22/03/2003 | 28/01/2006 Nolwenn Leroy
21%
06/02/1988 Sabrina
21%
29/01/2005 Amel Bent
20%
Belle
20%
01/06/2014 | 06/10/2016 | 28/07/2016 Booba
20%
27/03/2020 Calogero
20%
Capitaine abandonné
20%
Marie
20%
04/02/2016 | 25/02/2016 Rihanna feat. Drake
20%
28/09/1996 Spice Girls
20%
04/11/2012 | 09/12/2012 | 16/10/2011 | +2 others Adele
19%
22/04/1989 Boney M
19%
19/05/2007 | 31/01/2010 Christophe Maé
19%
04/01/1987 Elsa
19%
10/03/1990 | 25/04/1992 | 27/01/1990 | 29/12/1990 François Feldman
19%
17/09/1988 Glenn Medeiros & Elsa
19%
02/11/1986 Julie Pietri
19%
13/10/2017 Kalash feat. Damso
19%
07/12/2002 | 14/09/2002 | 23/11/2002 Las Ketchup
19%
04/09/2011 | 07/07/2007 | 09/10/2011 Mika
19%
21/10/2012 | 23/12/2012 Psy
19%
Sous le vent
19%
15/04/2000 Yannick
19%
You
19%
20/03/2011 Jennifer Lopez feat. Pitbull
18%
03/08/1991 | 16/06/1990 | 20/07/1991 Lagaf'
18%
Les Démons de minuit
18%
17/08/2002 MC Solaar
18%
12/07/2009 Pitbull
18%
09/05/1998 | 12/04/1997 Ricky Martin
18%
09/12/1989 | 24/02/1990 Roch Voisine
18%
27/04/1986 Stéphanie
18%
25/02/2006 Zucchero & Maná
18%
Elle
17%
Hélène
17%
Papaoutai
17%
07/06/2019 | 29/03/2019 PNL
17%
Sur ma route
17%
Waka Waka (This Time for Africa)
17%
30/01/1993 Whitney Houston
17%
Alors on danse
16%
Cassé
16%
12/10/2014 | 16/11/2014 David Guetta feat. Sam Martin
16%
Formidable
16%
Happy
16%
11/10/2009 Jena Lee
16%
17/10/1992 | 27/03/1993 Jordy
16%
04/08/2016 | 09/06/2016 | 18/08/2016 | +3 others Justin Timberlake
16%
30/01/1999 Larusso
16%
03/08/1996 | 15/06/1996 Los del Río
16%
Macarena (Bayside Boys remix)
16%
16/01/1999 | 20/06/1998 Manau
16%
Besoin de rien, envie de toi
15%
23/01/1999 Cher
15%
25/11/2006 Fatal Bazooka
15%
16/06/2007 Grégory Lemarchal
15%
01/12/2001 L5
15%
La Boulette (Génération nan nan)
15%
28/08/1999 Lou Bega
15%
Nuit de folie
15%
02/10/2011 | 23/10/2011 Rihanna feat. Calvin Harris
15%
09/03/1991 Scorpions
15%
23/08/1997 Will Smith
15%
Black or White
14%
20/06/2010 David Guetta & Chris Willis feat. Fergie & LMFAO
14%
Despacito
14%
09/11/1986 Europe
14%
Game Over
14%
J'ai demandé à la lune
14%
01/12/1985 Jean-Jacques Goldman & Michael Jones
14%
26/01/1986 Jean-Luc Lahaye
14%
29/07/1989 Kaoma
14%
Libertine
14%
17/05/2009 | 19/04/2009 Magic System & Khaled
14%
09/06/2001 MC Solaar
14%
02/08/2015 One Direction
14%
One More Time
14%
Pour que tu m'aimes encore
14%
Seul
14%
23/12/1984 Stevie Wonder
14%
Balance ton quoi
13%
05/04/2003 Chimène Badi
13%
Désenchantée
13%
Fan
13%
12/03/2005 Ilona Mitrecey
13%
18/02/2016 | 31/08/2018 Jain
13%
Je danse le mia
13%
01/05/2011 Jessie J feat. B.o.B
13%
J'me tire
13%
19/10/1996 Khaled
13%
07/08/2004 K-Maro
13%
29/07/2000 Santana feat. The Product G&B
13%
Scatman (Ski Ba Bop Ba Dop Bop)
13%
Whenever, Wherever
13%
17/02/2007 Yannick Noah
13%
17/07/1999 Zebda
13%
Baby
12%
Blinding Lights
12%
04/05/2002 | 06/07/2002 | 27/07/2002 Bratisla Boys
12%
Ces soirées-là
12%
24/04/2020 Christophe
12%
02/06/2007 | 21/07/2007 | 23/06/2007 Christophe Willem
12%
10/06/2006 | 24/09/2005 | 25/06/2005 Crazy Frog
12%
14/01/2016 David Bowie
12%
Diamonds
12%
En rouge et noir
12%
08/03/1997 | 22/02/1997 | 26/10/1996 Gala
12%
Joe le taxi
12%
25/08/2007 Koxie
12%
Lambada
12%
La Tribu de Dana
12%
Le Lac
12%
María
12%
10/08/2018 Maroon 5 feat. Cardi B
12%
06/09/2015 | 09/08/2015 Nicky Jam & Enrique Iglesias
12%
24/02/1996 Ophélie Winter
12%
24/04/2004 O-Zone
12%
Rolling Stone
12%
Savoir aimer
12%
Shape of You
12%
04/03/1995 The Cranberries
12%
The Monster
12%
26/02/2000 Tom Jones & Mousse T.
12%
13/09/2019 Tones and I
12%
Alane
11%
27/11/2020 | 28/08/2020 BTS
11%
Chandelier
11%
Ève lève-toi
11%
Hung Up
11%
La isla bonita
11%
La Même
11%
Ma liberté de penser
11%
10/11/1990 Mecano
11%
Poker Face
11%
Pour toi Arménie
11%
03/03/1985 | 17/02/1985 | 20/01/1985 | 30/12/1984 Ray Parker, Jr.
11%
10/11/2007 | 26/01/2008 Sheryfa Luna
11%
08/12/2001 | 09/02/2002 Star Academy 1
11%
28/12/2002 Star Academy 2
11%
17/01/2004 | 20/12/2003 Star Academy 3
11%
01/01/2005 | 02/10/2004 Star Academy 4
11%
Uptown Funk
11%
05/05/1985 USA for Africa
11%
14/09/2018 Vegedream
11%
14/06/1997 Wes
11%
Au DD
10%
Bella ciao
10%
05/02/2000 | 07/08/1999 | 15/01/2000 Eiffel 65
10%
06/10/1990 | 19/01/1991 Félix Gray & Didier Barbelivien
10%
Get Lucky
10%
14/06/2009 Helmut Fritz
10%
18/06/1994 Jimmy Cliff
10%
Johnny, Johnny
10%
Ma philosophie
10%
Mwaka Moon
10%
My Heart Will Go On
10%
11/10/2015 | 30/08/2015 Mylène Farmer & Sting
10%
N'importe quoi
10%
21/07/1985 Opus
10%
Pourvu qu'elles soient douces
10%
05/05/2016 Sia feat. Sean Paul
10%
10/12/2005 Star Academy 5
10%
Starboy
10%
Zombie
10%
01/11/1997 Aqua
9%
Axel F
9%
Bo le lavabo (WC Kiss)
9%
16/03/1996 Boris
9%
21/06/2003 DJ BoBo
9%
Elle me dit
9%
Étienne
9%
07/10/2006 Faf Larage
9%
08/12/2007 Fatal Bazooka feat. Yelle
9%
Fever
9%
Gangnam Style
9%
20/07/2018 Hermes House Band
9%
Hips Don't Lie
9%
20/01/2007 Kamini
9%
24/11/2001 Kylie Minogue
9%
La Rivière de notre enfance
9%
Les Rois du monde
9%
Les Valses de Vienne
9%
Ouragan
9%
Perfect
9%
Qui a le droit... (Live)
9%
Tous les mêmes
9%
06/12/2003 | 10/01/2004 | 13/11/2004 | 27/09/2003 Tragédie
9%
Tu m'oublieras
9%
20/10/1990 UB40
9%
01/05/1993 | 10/07/1993 2 Unlimited
8%
05/02/1994 | 19/02/1994 Ace of Base
8%
...Baby One More Time
8%
12/10/1991 | 15/01/1994 | 29/01/1994 Bryan Adams
8%
Can You Feel the Love Tonight
8%
01/07/2012 | 02/09/2012 | 17/06/2012 Carly Rae Jepsen
8%
14/04/2007 Cascada
8%
06/03/2011 | 13/03/2011 Colonel Reyel
8%
Dangerous
8%
29/05/1993 Dire Straits
8%
Don't Stop the Music
8%
Dur dur d'être bébé !
8%
19/04/2008 Enrique Iglesias feat. Nâdiya
8%
17/04/2020 Et demain ? Le Collectif
8%
Femme Like U (Donne moi ton corps)
8%
01/03/1987 Francis Lalanne
8%
02/10/1993 | 22/01/1994 | 30/10/1993 Freddie Mercury
8%
Freed from Desire
8%
12/03/1988 Glenn Medeiros
8%
02/01/1988 Guesch Patti
8%
17/07/1993 Haddaway
8%
Hello
8%
High
8%
I Will Always Love You
8%
21/02/2010 Ke$ha
8%
L'Aziza
8%
La Zoubida
8%
27/07/1991 | 29/06/1991 Les Inconnus
8%
12/04/1987 Licence IV
8%
22/11/2003 Linkup
8%
18/10/1987 Los Lobos
8%
26/05/2007 Nelly Furtado
8%
On s'attache
8%
Parle à ma main
8%
Party Rock Anthem
8%
05/09/2010 René la Taupe
8%
Un roman d'amitié (Friend you give me a reason)
8%
We Are the World
8%
30/11/2002 Whatfor
8%
22/09/1990 | 23/06/1990 Zouk Machine
8%
Alison (C'est ma copine à moi)
7%
01/02/2003 Alphonse Brown
7%
03/06/1989 Avalanche
7%
08/09/1985 Baltimora
7%
Barbie Girl
7%
13/10/1985 Century
7%
26/05/1985 Chanteurs sans frontières
7%
18/07/2010 Collectif Métissé
7%
Dance Monkey
7%
Double je
7%
Éthiopie
7%
18/11/2006 Faudel
7%
Foule sentimentale
7%
Fous ta cagoule
7%
Garçon
7%
23/02/2018 Grand Corps Malade
7%
I Feel It Coming
7%
Je te donne
7%
Je te promets
7%
30/08/2003 Jocelyne Labylle & Cheela feat. Jacob Desvarieux & Passi
7%
La bamba
7%
27/09/2015 L.E.J
7%
13/07/2014 | 19/10/2014 Lilly Wood and the Prick & Robin Schulz
7%
01/12/2016 | 22/09/2016 LP
7%
Marly-Gomont
7%
17/08/2018 | 29/06/2018 Mylène Farmer & LP
7%
Papa chanteur
7%
06/12/2008 Patrick Sébastien
7%
18/07/1992 Pow Wow
7%
23/03/1996 Robert Miles
7%
Sacrifice
7%
Scream and Shout
7%
Sex Bomb
7%
Stach stach
7%
T'en va pas
7%
Tomber la chemise
7%
Toutes les femmes de ta vie
7%
Un monde parfait
7%
05/07/2008 | 30/08/2008 William Baldé
7%
Work
7%
XXL
7%
10/03/1985 | 14/04/1985 Al Corley
6%
01/03/1997 | 15/03/1997 Andrea Bocelli
6%
À toutes les filles...
6%
Beautiful Liar
6%
Believe
6%
Blurred Lines
6%
Ça m'énerve
6%
11/08/1990 Charles D. Lewis
6%
02/03/1996 | 02/12/1995 Coolio feat. L.V.
6%
Encore un soir
6%
Feels
6%
24/08/1996 Fugees
6%
01/09/2001 Geri Halliwell
6%
26/12/2010 Israel Kamakawiwoʻole
6%
Je sais pas
6%
Joy
6%
03/04/2004 | 07/02/2004 | 24/01/2004 Kareen Antonn & Bonnie Tyler
6%
26/07/2015 Kygo feat. Parson James
6%
02/08/2019 | 12/07/2019 Lil Nas X
6%
23/06/2017 | 28/04/2017 Luis Fonsi feat. Daddy Yankee
6%
13/09/2008 Madcon
6%
Maldòn (La musique dans la peau)
6%
Mignon, Mignon
6%
22/03/2015 | 31/05/2015 OMI
6%
Paris Latino
6%
Ramenez la coupe à la maison
6%
Skyfall
6%
05/09/1992 Snap!
6%
Soirée disco
6%
The Ketchup Song (Aserejé)
6%
Tous ensemble
6%
Tu ne m'as pas laissé le temps
6%
Wannabe
6%
We Found Love
6%
Womanizer
6%
You Rock My World
6%
13/08/1994 Youssou N'Dour & Neneh Cherry
6%
24K Magic
5%
04/02/2006 | 21/01/2006 Amine
5%
Auteuil, Neuilly, Passy (Rap B.C.B.G.)
5%
Avenir
5%
Bad Romance
5%
Can't Stop the Feeling!
5%
13/07/1996 Carrapicho
5%
12/04/2009 Charlie Winston
5%
Cheap Thrills
5%
Children
5%
De temps en temps
5%
Dieu m'a donné la foi
5%
Dingue, dingue, dingue
5%
Don't Let the Sun Go Down on Me
5%
Dragostea din tei
5%
Entre nous
5%
Hey oh
5%
J'aimerais tellement
5%
J'ai tout oublié
5%
Je l'aime à mourir (La quiero a morir)
5%
03/02/1985 | 24/02/1985 Jermaine Jackson & Pia Zadora
5%
La Musique
5%
Le Chat
5%
Le Frunkp
5%
Man Down
5%
05/02/2012 | 22/01/2012 Michel Teló
5%
No Limit
5%
OKLM
5%
21/10/1989 Philippe Lafontaine
5%
Popcorn
5%
Relax, Take It Easy
5%
09/08/2019 | 26/07/2019 Shawn Mendes & Camila Cabello
5%
11/04/1992 Ten Sharp
5%
The Final Countdown
5%
Tic, tic tac
5%
Tired of Being Sorry (Laisse le destin l'emporter)
5%
05/05/2007 Tony Parker
5%
Toujours debout
5%
Une femme avec une femme
5%
We Are The Champions (Ding a Dang Dong)
5%
What Is Love
5%
7 seconds
4%
Aïcha
4%
19/08/2012 Alex Ferrari
4%
14/08/2004 Aventura
4%
25/08/2013 Avicii feat. Aloe Blacc
4%
09/03/1996 Babylon Zoo
4%
Baila morena
4%
20/10/2013 Bakermat
4%
Beggin'
4%
08/12/2013 Bénabar & Patrick Bruel & Cali & Marina
4%
Bleu noir
4%
Blue (Da Ba Dee)
4%
04/06/1994 | 14/05/1994 | 16/04/1994 Bruce Springsteen
4%
23/09/2012 C2C
4%
Call Me Maybe
4%
15/07/2006 Cauet
4%
Celui...
4%
C'est dans l'air
4%
18/10/2015 Charlie Puth feat. Meghan Trainor
4%
Cheerleader (Felix Jaehn remix)
4%
Chihuahua
4%
Cœur de loup
4%
14/07/2016 | 16/06/2016 David Guetta feat. Zara Larsson
4%
Dégénération
4%
DKR
4%
Don't Cry for Me Argentina
4%
Dynamite
4%
07/05/1994 East 17
4%
27/12/2009 Edward Maya & Vika Jigulina
4%
É.L.É.P.H.A.N.T.
4%
El perdón
4%
08/01/2005 Eric Prydz
4%
(Everything I Do) I Do It for You
4%
Façon Sex
4%
Gangsta's Paradise
4%
Gentleman
4%
Ghostbusters
4%
01/04/2012 Gotye feat. Kimbra
4%
01/11/2008 | 29/11/2008 Guru Josh Project
4%
03/06/2012 Gusttavo Lima
4%
I Don't Care
4%
I Just Called to Say I Love You
4%
Il avait les mots
4%
Il faut laisser le temps au temps
4%
I Like to Move It
4%
Il y a trop de gens qui t'aiment
4%
Inch'Allah
4%
It's Raining Men
4%
It Wasn't Me
4%
I Will Survive (La la la)
4%
J'ai faim de toi
4%
J'en parlerai au diable
4%
Jerusalema (remix)
4%
06/06/2010 | 27/06/2010 Jessy Matador
4%
07/01/2006 Juanes
4%
Kingston Town
4%
La camisa negra
4%
02/11/2018 | 04/01/2019 | 05/10/2018 Lady Gaga & Bradley Cooper
4%
Lady Melody
4%
Laisse parler les gens
4%
L'Alizé
4%
29/07/2006 La Plage
4%
22/03/2008 Leona Lewis
4%
14/07/2001 Les Lofteurs
4%
Les mots bleus
4%
24/03/1990 Les Vagabonds
4%
Let Me Love You
4%
Like a Hobo
4%
Live Is Life
4%
Living on My Own (No More Brothers remix)
4%
Living on Video
4%
Lonely Lisa
4%
L'Orange / Wot
4%
Lost on You
4%
Lover Why
4%
Mais qui est la belette ?
4%
Mambo No. 5 (A little bit of…)
4%
23/02/2002 Marc Lavoine & Cristina Marocco
4%
17/05/2015 Marina Kaye
4%
15/06/2002 Marlène Duval & Phil Barney
4%
06/10/2001 Mary J. Blige
4%
Mauvaise foi nocturne (La réponse)
4%
Même pas fatigué
4%
Men in Black
4%
11/05/2014 Milky Chance
4%
Mon plus beau Noël
4%
08/05/1999 Moos
4%
29/03/2008 M. Pokora feat. Timbaland & Sebastian
4%
Nos célébrations
4%
N'oublie pas
4%
Old Town Road
4%
On se retrouvera
4%
On the Floor
4%
Oui mais... non
4%
Over the Rainbow
4%
13/05/2006 Pakito
4%
Pas le temps
4%
08/03/2009 Pep's
4%
Petit Frank
4%
25/11/2000 | 26/08/2000 Philippe d'Avilla & Damien Sargue & Grégori Baquet
4%
25/03/2006 Pigloo
4%
Please Forgive Me
4%
Plus haut
4%
Pour un infidèle
4%
Prayer in C (Robin Schulz remix)
4%
Price Tag
4%
Rayon de soleil
4%
18/09/1993 | 23/10/1993 Regg'Lyss
4%
02/07/1988 Sandy
4%
Santiano
4%
Say It Right
4%
Scatman's World
4%
Señorita
4%
Sextonik
4%
Sexy pour moi
4%
Shallow
4%
Shut Up
4%
Slipping Away (Crier la vie)
4%
Smells Like Teen Spirit
4%
Soca Dance
4%
Someone Like You
4%
Square Rooms
4%
20/11/2004 Starsailor
4%
Stereo Love
4%
Stolen Car
4%
Summer 2015
4%
Sweat (David Guetta remix)
4%
24/06/2012 Tacabro
4%
Tarzan Boy
4%
01/05/2020 The Rolling Stones
4%
This Girl
4%
This One's for You
4%
Tik Tok
4%
13/09/2009 Tom Frager & Gwayav'
4%
09/03/2018 Tom Walker
4%
Toutes les nuits
4%
19/08/2006 Tribal King
4%
Un enfant de toi
4%
Un été français
4%
Viens boire un p'tit coup à la maison
4%
Vivo per lei (Je vis pour elle)
4%
Wake Me Up!
4%
When the Rain Begins to Fall
4%
Wind of Change
4%
You Are Not Alone
4%
4 mots sur un piano
3%
Adieu monsieur le professeur
3%
Ai, Se eu te Pego
3%
Allez ola olé
3%
À l'ombre
3%
Alright
3%
Always Remember Us This Way
3%
Appelle mon numéro
3%
Au nom de la rose
3%
Aux arbres citoyens
3%
Balada
3%
Balance-toi
3%
Bara Bará Bere Berê
3%
Call on Me
3%
Ça n'finira jamais
3%
Can't Get You Out of My Head
3%
City of Love
3%
Come
3%
Con te partirò
3%
Coup de boule
3%
07/07/2013 | 21/04/2013 Daft Punk feat. Pharrell Williams & Nile Rodgers
3%
Darla dirladada
3%
Désobéissance
3%
Deux sortes d'hommes / Nashville Blues (Live)
3%
Don't Be So Shy (Filatov & Karas remix)
3%
14/04/2016 Drake feat. Wizkid & Kyla
3%
Encores (EP)
3%
02/02/1991 Enigma
3%
Et s'il n'en restait qu'une (Je serais celle-là)
3%
10/03/2007 Fatal Bazooka feat. Vitoo
3%
14/06/2015 Feder feat. Lyse
3%
Four to the Floor (Thin White Duke remix)
3%
Gettin' Over You
3%
Goodbye
3%
Happy Nation
3%
Hasta la vista
3%
Homeless
3%
I Can See Clearly Now
3%
25/08/2016 Imany
3%
Infinity 2008 (Klaas remix)
3%
08/02/1992 | 18/01/1992 Jean-Philippe Audin & Diego Modena
3%
27/03/2004 J-Five feat. Charlie Chaplin
3%
Johnny, Johnny Come Home
3%
Just Can't Get Enough
3%
16/05/2010 | 30/05/2010 Justin Bieber feat. Ludacris
3%
J'voulais
3%
Karma Girls
3%
07/04/2016 | 21/04/2016 Kungs vs Cookin' on 3 Burners feat. Kylie Auldist
3%
La copa de la vida
3%
La Loi du silence
3%
05/04/2008 Laurent Wolf feat. Eric Carter
3%
La vie est belle
3%
21/08/1993 | 25/09/1993 Les G.O. Cul-Ture
3%
Liberta
3%
17/07/2011 | 22/05/2011 LMFAO feat. Lauren Bennett & GoonRock
3%
27/01/2013 Macklemore & Ryan Lewis feat. Wanz
3%
Maria Maria
3%
08/06/1996 Mark Snow
3%
Marvin Gaye
3%
01/01/2021 | 04/09/2020 | 04/12/2020 | +2 others Master KG feat. Burna Boy & Nomcebo Zikode
3%
11/02/2016 | 21/01/2016 Matt Simons
3%
Megamix
3%
20/10/2007 Melissa M
3%
Mets de l’huile
3%
Miracle
3%
Mon étoile
3%
Mon pays
3%
Move Your Body
3%
Mowgli II
3%
Music Sounds Better with You
3%
No Stress
3%
Nothing's Gonna Change My Love for You
3%
Obsesión
3%
13/10/2007 Ora Maté
3%
29/10/1988 Paco
3%
Papa Pingouin
3%
11/08/2007 Patrick Fiori & Jean-Jacques Goldman & Christine Ricol
3%
Perfect Illusion
3%
28/04/2016 Prince & The Revolution
3%
Quelque part
3%
Qui est l'exemple ?
3%
Rhythm Is a Dancer
3%
27/10/2016 Richard Orlinski & Eva Simons
3%
31/03/2001 Shaggy feat. Ricardo "Rikrok" Ducent
3%
25/07/2010 Shakira feat. Freshlyground
3%
Si demain... (Turn Around)
3%
Si j'avais au moins…
3%
Somebody That I Used to Know
3%
Song of Ocarina
3%
Spaceman
3%
05/07/2019 Stardust
3%
Station 13
3%
Stolen Dance
3%
Stuck with U
3%
Sur un air latino
3%
Tacata'
3%
12/05/1990 The Christians
3%
Thrift Shop
3%
Un arc-en-ciel
3%
Up and down
3%
17/04/2004 Usher feat. Lil Jon & Ludacris
3%
Vandaag
3%
Zidane y va marquer
3%
11/02/1995 20 Fingers feat. Gillette
2%
Ah… si tu pouvais fermer ta gueule
2%
03/03/2016 Alan Walker feat. Iselin Solheim
2%
22/09/2017 Alice Merton
2%
Amor de mis amores
2%
A Vava Inouva
2%
Bleeding Love
2%
Candle in the Wind 1997
2%
Catch and Release (Deepend remix)
2%
Come and Get Your Love
2%
Cum-cum mania
2%
Debout pour danser
2%
Des larmes
2%
Dimanche soir
2%
Down The Road
2%
Drag Me Down
2%
Faded
2%
Family Affair
2%
13/07/2002 Félicien
2%
Gimme! Gimme! Gimme! (A Man After Midnight)
2%
Girls Like You
2%
Habibi
2%
Hallelujah
2%
Heartbeat
2%
Hé, biloute! Monte l'son! Hein!
2%
Holiday Rap
2%
08/05/2020 Idir
2%
I Know You Want Me (Calle Ocho)
2%
It's Alright
2%
04/11/1989 Jive Bunny and the Mastermixers
2%
Kamaté
2%
Katchi
2%
Killing Me Softly
2%
Laissez-moi danser
2%
L'Âme dans l'eau
2%
17/11/2016 Leonard Cohen
2%
Let a Boy Cry
2%
Le Temps des yéyés
2%
Life Goes On
2%
Living in a Ghost Town
2%
20/09/2003 Lorna
2%
Mais je t'aime
2%
19/10/1986 MC Miker G & Deejay Sven
2%
18/01/2009 Mikelangelo Loconte
2%
Modern Times
2%
06/10/2017 Naughty Boy feat. Beyoncé & Arrow Benjamin
2%
Nolwenn Ohwo !
2%
No Roots
2%
One Dance
2%
Papi chulo (te traigo el mmm...)
2%
Pour les gens du secours
2%
Purple Rain
2%
21/12/2018 Redbone
2%
09/07/1994 Reel 2 Real feat. The Mad Stuntman
2%
09/03/2002 Rohff feat. Kayliah
2%
05/08/1995 Sacred Spirit
2%
Sadeness (Part I)
2%
Short Dick Man
2%
Space Oddity
2%
Stole the Show
2%
Streets of Philadelphia
2%
Stupid Love
2%
Swing The Mood
2%
Tatoue-moi
2%
The X-Files
2%
Words
2%
Yeah!
2%
Yeha noha (Wishes of Happiness and Prosperity)
2%
Et demain ?
1%
26/06/2020 Grand Corps Malade & Camille Lellouche
1%
Leave a Light On
1%
Le Cœur en deux (Live)
1%
17/11/2017 | 20/10/2017 Ofenbach vs Nick Waterhouse
1%
On fait comme si
1%
Runnin' (Lose It All)
1%
02/02/2018 Sena Kana
1%
Truth or Dare
1%
Aucun quiz correspondant
Distribution des résultats
% des personnes avec chaque résultat
Percentile par nombre de réponses
Votre historique - résultats
Vous n’avez pas pris ce quiz